[Event "Sparkassen Open 2018"]
[Site "Heusenstamm"]
[Date "2018.11.24"]
[Round "5"]
[White "Enchev, Ivajlo"]
[Black "Baskin, Robert"]
[Result "1/2-1/2"]
[WhiteElo "2496"]
[BlackElo "2354"]
[Annotator "TA"]
[PlyCount "118"]
[EventDate "2018.11.22"]
[EventType "swiss"]
[EventCountry "GER"]
[SourceTitle "playchess.com"]
[Source "ChessBase"]
[SourceQuality "1"]

{[%evp 14,118,11,0,27,24,51,11,71,48,122,120,117,79,87,71,81,83,86,85,86,78,75,84,75,79,141,129,152,150,164,160,170,180,208,208,205,203,202,154,154,133,154,151,151,133,133,133,145,145,141,117,117,115,117,118,174,121,195,205,319,287,399,399,331,271,250,246,185,8,8,8,8,8,8,8,8,8,8,8,8,8,8,8,8,8,8,8,8,8,8,0,8,0,8,8,8,8,8,8,8,8,8,8,8,8,8]} 1. Nf3 Nf6 2. c4 e6 3. d4 d5 4. Nc3 Bb4 5. cxd5 exd5 6. Bg5 h6 7. Bxf6 Qxf6 8. Qb3 c5 {D38: Queen's Gambit Declined: Ragozin Defence (4 Nf3 Bb4)} 9. e3 (9. dxc5 Bxc3+ 10. Qxc3 Qxc3+ 11. bxc3 Na6 12. O-O-O Be6 13. e4 dxe4 14. Bxa6 bxa6 15. Nd4 Rc8 16. c6 Bxa2 17. Rhe1 {1-0 (33) Melkumyan,H (2660)-Can,E (2588) Batumi 2018}) 9... Nc6 10. Bb5 O-O (10... a6 $11 11. Bxc6+ bxc6) 11. dxc5 $16 Bh3 (11... d4 $14 12. Bxc6 dxc3 13. Qxb4 cxb2) 12. O-O ({Much weaker is} 12. gxh3 $6 Qxf3 13. Rg1 Rae8 $11) 12... Qg6 {[%csl Gh3][%cal Rg6g2]} 13. Nh4 $146 (13. Ne1 {is interesting.} Bxc3 14. Qxc3 Bf5 15. Rd1 Rad8 16. Bxc6 bxc6 17. Nd3) ({Predecessor:} 13. Ne1 d4 14. Bxc6 dxc3 15. bxc3 Bxc5 {0-1 (37) Semerene Indriago,D (2299)-Iturrizaga Bonelli,E (2232) Paracotos 2005}) 13... Qg4 14. Nxd5 {aiming for Bxc6.} Qxh4 15. Bxc6 Bxg2 16. Qxb4 Qxb4 17. Nxb4 Bxf1 18. Bxb7 Rab8 19. c6 ({Reject} 19. Rxf1 $6 Rxb7 20. Nd5 Rxb2 $11) 19... Bb5 (19... Bh3 $142) 20. Nc2 Bxc6 21. Bxc6 {And now b4 would win.} Rxb2 22. Nd4 Rfb8 23. Bd5 Rb1+ 24. Rxb1 Rxb1+ 25. Kg2 Kf8 26. Bb3 Rc1 27. Nf5 h5 28. Nd6 f6 29. h4 g6 {[%cal Bg7g6,Bg6g5][%mdl 32]} 30. Nb5 a6 31. Nd4 Kg7 32. Ne6+ Kh6 33. Nf4 g5 34. Nd5 (34. Ne2 {is more complex.} Ra1 35. Nd4 Kg6 36. Bd5 a5 37. Bb3) 34... Rc6 {[#]} (34... Kg7 $16 {keeps fighting.} 35. Ne7 a5 36. Nf5+ Kg6) 35. Kg3 (35. f4 $1 $18) 35... Rd6 (35... a5 $16 {is a better defense.} 36. f4 gxf4+ 37. Nxf4 (37. Kxf4 a4 $16) 37... Rc1) 36. e4 $18 Rc6 (36... Re6 $142) 37. f4 a5 38. hxg5+ fxg5 39. f5 a4 40. Bxa4 Rc4 {[#]} 41. Bd7 $2 ({Only move:} 41. Bb3 $1 $18 {[%cal Rb3c4]} Rxe4 42. f6) 41... Rxe4 $11 {The position is equal.} 42. f6 Rd4 $132 {[%mdl 2048] Black has counterplay} 43. Be6 Rd3+ 44. Kf2 {Strongly threatening f7.} Rd2+ $1 45. Kf3 {Threatens to win with f7.} Rxa2 46. Nb6 Ra6 47. f7 Kg7 48. Nd7 Ra8 49. Ke4 {Kd5 is the strong threat.} Rd8 50. Ne5 Kf6 51. Bd7 {Threatening mate with Be8.} Kg7 52. Be6 Kf6 53. Bd7 {Intending Be8 and mate.} Kg7 54. Be8 {Ng6! would kill now.} Rd6 55. Kf5 Rf6+ 56. Kxg5 h4 57. Kxh4 Rf5 58. Ng6 Rxf7 59. Bxf7 Kxf7 {Accuracy: White = 79%, Black = 61%.} 1/2-1/2

[Event "Sparkassen Open 2018"]
[Site "Heusenstamm"]
[Date "2018.11.24"]
[Round "5"]
[White "Milov, Leonid"]
[Black "Lisanti, Andre"]
[Result "1-0"]
[WhiteElo "2481"]
[BlackElo "2209"]
[Annotator "ChessBase"]
[PlyCount "63"]
[EventDate "2018.11.22"]
[EventType "swiss"]
[EventCountry "GER"]
[SourceTitle "playchess.com"]
[Source "ChessBase"]
[SourceQuality "1"]
[TimeControl "40/5400+30:1800+30"]

1. e4 {[%emt 0:00:00]} e5 {[%emt 0:14:06]} 2. Nf3 {[%emt 0:00:07]} Nc6 {[%emt 0:00:05]} 3. Bb5 {[%emt 0:00:04]} Nf6 {[%emt 0:00:11]} 4. O-O {[%emt 0:01:39]} Nxe4 {[%emt 0:00:13]} 5. d4 {[%emt 0:01:59]} Nd6 {[%emt 0:00:08]} 6. Bxc6 {[%emt 0:01:17]} dxc6 {[%emt 0:00:09]} 7. dxe5 {[%emt 0:00:10]} Nf5 {[%emt 0:00:06]} 8. Qxd8+ {[%emt 0:00:33]} Kxd8 {[%emt 0:00:06]} 9. Nc3 {[%emt 0:00:17]} h6 {[%emt 0:03:10]} 10. h3 {[%emt 0:00:44]} a5 {[%emt 0:09:22]} 11. Bf4 {[%emt 0:03:20]} Be6 {[%emt 0:00:31]} 12. g4 {[%emt 0:06:53]} Ne7 {[%emt 0:00:18]} 13. Nd4 {[%emt 0:00:26]} Ng6 {[%emt 0:01:59]} 14. Bg3 {[%emt 0:01:49]} h5 {[%emt 0:00:32]} 15. Nxe6+ {[%emt 0:09:46]} fxe6 {[%emt 0:00:25]} 16. Ne4 {[%emt 0:00:06]} Be7 {[%emt 0:11:38]} 17. f4 {[%emt 0:00:11]} hxg4 {[%emt 0:02:52]} 18. hxg4 {[%emt 0:00:04]} Bh4 {[%emt 0:00:50]} 19. Bh2 {[%emt 0:01:56]} Re8 {[%emt 0:12:43]} 20. Nc5 {[%emt 0:14:23]} b6 {[%emt 0:04:19]} 21. Nxe6+ {[%emt 0:04:15]} Rxe6 {[%emt 0:02:23]} 22. f5 {[%emt 0:00:16]} Re7 {[%emt 0:00:37]} 23. fxg6 {[%emt 0:07:25]} Kd7 {[%emt 0:01:15]} 24. Rf5 {[%emt 0:02:48]} Rh8 {[%emt 0:00:23]} 25. Raf1 {[%emt 0:05:58]} Ke6 {[%emt 0:00:34]} 26. Rh5 {[%emt 0:07:41]} Rxh5 {[%emt 0:00:43]} 27. gxh5 {[%emt 0:00:04]} Rd7 {[%emt 0:00:13]} 28. Kg2 {[%emt 0:01:27]} Rd2+ {[%emt 0:00:24]} 29. Kh3 {[%emt 0:00:37]} Bg5 {[%emt 0:00:36]} 30. Bf4 {[%emt 0:07:59]} Bxf4 {[%emt 0:00:07]} 31. Rxf4 {[%emt 0:00:03]} Kxe5 {[%emt 0:01:30]} 32. Rf7 {[%emt 0:00:35]} 1-0

[Event "Sparkassen Open 2018"]
[Site "Heusenstamm"]
[Date "2018.11.24"]
[Round "5"]
[White "Golubka, Petro"]
[Black "Khaetsky, Roman"]
[Result "1-0"]
[WhiteElo "2461"]
[BlackElo "2347"]
[Annotator "TA"]
[PlyCount "73"]
[EventDate "2018.11.22"]
[EventType "swiss"]
[EventCountry "GER"]
[SourceTitle "playchess.com"]
[Source "ChessBase"]
[SourceQuality "1"]

{[%evp 16,73,71,65,68,69,87,72,81,77,85,72,92,81,84,87,89,94,133,131,170,167,193,162,184,176,182,155,183,175,175,166,160,154,197,159,191,199,231,222,279,252,343,341,326,342,331,326,343,322,396,400,522,449,983,990,1926,1888,1886,1870]} 1. e4 Nf6 2. e5 Nd5 3. d4 d6 4. Bc4 c6 5. f4 g6 6. Nf3 Bg7 7. O-O O-O 8. Nc3 {[%cal Bb1c3,Bc3e4,Be4c5,Bc5b7][%mdl 32]} dxe5 9. fxe5 Na6 {B09: Pirc Defence: Austrian Attack} (9... Bf5 10. Nxd5 cxd5 11. Bd3 Bxd3 12. Qxd3 Nc6 13. c3 Qd7 14. Bf4 b5 15. Rae1 b4 16. Ng5 f6 17. exf6 exf6 18. Ne6 {½-½ (18) Ristic,N (2442)-Indjic,A (2533) Vrbas 2015}) 10. Ne4 Bf5 $146 ({Predecessor:} 10... Bg4 11. Bxa6 bxa6 12. h3 Bf5 13. Nc5 Nb4 14. c3 Nc2 15. Nh4 Nxa1 16. Nxf5 gxf5 17. Rxf5 {½-½ (35) Gonzalez Hernandez,F (2167)-Fernandez Madrid,C (2149) Barcelona 2015}) 11. Bxa6 bxa6 {White is better.} 12. Nc5 Nc7 13. Qe2 a5 14. Nb7 Qd7 15. Nxa5 Ne6 16. Be3 Qd5 17. b4 f6 {[%cal Rf6e5] [#]} 18. c4 $1 {[%cal Rc4d5]} Qe4 {[%cal Rf6e5]} 19. Nd2 Qd3 20. Qxd3 Bxd3 {[#]} 21. exf6 $1 {[%mdl 512]} Bxf6 (21... exf6 22. Nxc6) 22. Nxc6 Bxf1 23. Rxf1 ({Worse is} 23. Nxf1 Rac8 $17) 23... Nd8 24. Na5 Ne6 25. Nf3 g5 26. h3 h6 27. b5 Rac8 28. a4 {[%cal Ba2a4,Ba4a5,Ba5a6][%mdl 32]} Rc7 29. Nc6 Nd8 30. d5 {[%cal Bd4d5,Bd5c6][%mdl 32]} Nxc6 31. dxc6 ({Less strong is} 31. bxc6 a6 $18) 31... Rd8 32. a5 Bc3 33. a6 e5 34. Rc1 {White is clearly winning.} Rd3 {[#]} (34... Bb4 $142 35. Nxe5 Re7) 35. Bxa7 $1 $18 {[%mdl 512]} Rxa7 36. b6 Rxf3 37. Rxc3 {Accuracy: White = 97%, Black = 31%.} 1-0

[Event "Sparkassen Open 2018"]
[Site "Heusenstamm"]
[Date "2018.11.24"]
[Round "5"]
[White "Zuyev, Igor"]
[Black "Pap, Misa"]
[Result "0-1"]
[WhiteElo "2435"]
[BlackElo "2473"]
[Annotator "TA"]
[PlyCount "58"]
[EventDate "2018.11.22"]
[EventType "swiss"]
[EventCountry "GER"]
[SourceTitle "playchess.com"]
[Source "ChessBase"]
[SourceQuality "1"]

{[%evp 21,58,23,40,-19,-8,-21,-1,-65,-87,-95,-99,-93,-93,-93,-66,-74,-70,-121,-91,-109,-127,-133,-115,-161,-170,-175,-159,-253,-226,-240,-160,-413,-413,-482,-483,-477,-454,-463,-448]} 1. e4 e5 2. Nf3 Nc6 3. d4 exd4 4. Bc4 Nf6 5. e5 d5 6. Bb5 Ne4 7. Nxd4 Bc5 8. Be3 Bd7 9. Bxc6 bxc6 10. Nd2 Qh4 11. O-O {C56: Two Knights: 4 d4 exd4 5 0-0 Nxe4} Bb6 {LiveBook: 7 Games} 12. N2b3 (12. a4 $14) 12... Qe7 13. a4 $146 {The position is equal.} ({Predecessor:} 13. Re1 O-O 14. f3 Nc5 15. Nxc5 Bxc5 16. Nb3 Bb6 17. Qd2 Rae8 18. a4 f6 {1-0 (49) Nakamura,H (2670)-Hebden,M (2530) Gibraltar 2008}) 13... a5 ({Of course not} 13... Qxe5 $6 14. a5 $16) 14. f4 (14. Re1 $11) 14... O-O 15. Qe2 c5 16. Nf3 f5 17. Nbd2 Be6 18. Bf2 h6 19. Rfe1 (19. c4 $15) 19... c6 $17 20. Nh4 Qf7 21. Nhf3 Rab8 22. Rab1 Ba7 23. Nb3 Qc7 24. Nfd2 (24. Kh1 $17) 24... Nxf2 $19 25. Qxf2 d4 {[%cal Bd5d4,Bd4c3][%mdl 32]} 26. h3 $2 (26. Kh1 $17 {was forced.}) 26... Rfd8 27. c4 {[#]} dxc3 $1 {Black is clearly winning.} 28. bxc3 Bxb3 29. Nxb3 {[#]} Rxb3 $1 {[%mdl 512] Accuracy: White = 15%, Black = 88%.} 0-1

[Event "Sparkassen Open 2018"]
[Site "Heusenstamm"]
[Date "2018.11.24"]
[Round "5"]
[White "Andreev, Eduard"]
[Black "Muckle, Julius"]
[Result "1/2-1/2"]
[WhiteElo "2425"]
[BlackElo "2344"]
[Annotator "TA"]
[PlyCount "27"]
[EventDate "2018.11.22"]
[EventType "swiss"]
[EventCountry "GER"]
[SourceTitle "playchess.com"]
[Source "ChessBase"]
[SourceQuality "1"]

{[%evp 15,27,0,4,0,3,8,14,-8,-8,-13,0,-8,16,11]} 1. e4 e6 2. d4 d5 3. e5 c5 4. c3 Qb6 5. Nf3 Bd7 6. Bd3 Bb5 7. Bxb5+ Qxb5 {C02: French: Advance Variation} 8. a4 (8. Na3 Qa6 9. dxc5 Bxc5 10. b4 Bf8 11. Nd4 Nd7 12. Nab5 Rc8 13. O-O Qb6 14. Be3 Nxe5 15. Qa4 {1-0 (57) Schroeder,J (2573)-Sawlin,L (2346) Riga 2018}) 8... Qd7 {LiveBook: 12 Games. The position is equal.} 9. O-O Nc6 10. dxc5 Bxc5 11. Bf4 $146 ({Predecessor:} 11. b4 Bb6 12. Nbd2 Nge7 13. b5 Na5 14. Ba3 O-O 15. Bb4 Rfd8 {½-½ (34) Sigfusson,S (2226)-Ovod,E (2380) Moscow 2017}) 11... Nge7 12. Nbd2 O-O 13. Qe2 Rae8 14. Rad1 1/2-1/2

[Event "Sparkassen Open 2018"]
[Site "Heusenstamm"]
[Date "2018.11.24"]
[Round "5"]
[White "Geske, Julian"]
[Black "Hebbering, Tom Elliot"]
[Result "1-0"]
[WhiteElo "2382"]
[BlackElo "2199"]
[Annotator "TA"]
[PlyCount "103"]
[EventDate "2018.11.22"]
[EventType "swiss"]
[EventCountry "GER"]
[SourceTitle "playchess.com"]
[Source "ChessBase"]
[SourceQuality "1"]

{[%evp 12,103,25,25,22,22,22,22,18,17,25,17,38,39,39,18,25,19,38,31,80,49,56,60,36,62,65,18,27,18,29,25,38,39,56,56,48,36,41,39,41,20,43,41,43,41,46,38,46,29,47,27,46,37,41,50,41,50,75,0,9,17,482,195,195,204,204,204,203,195,227,227,212,201,264,267,266,273,262,250,250,243,243,243,1154,1066,1431,1142,1225,1077,1519,1280,4133,2752]} 1. d4 d5 2. c4 c6 3. Nf3 Nf6 4. e3 e6 5. b3 Nbd7 6. Bd3 Bd6 7. Bb2 O-O {A06: Réti Opening:1 Nf3 d5} 8. Nbd2 b6 9. O-O Bb7 {The position is equal.} 10. Qe2 Qe7 (10... c5 11. Rad1 Ne4 12. cxd5 exd5 13. Ba6 Bxa6 14. Qxa6 Re8 15. dxc5 Ndxc5 16. Qe2 Rc8 17. Rc1 Bf8 18. Rfd1 Qe7 {½-½ (45) Radjabov,T (2710)-Ding,L (2773) Moscow 2017}) 11. Rad1 e5 12. dxe5 Nxe5 13. Bb1 $146 ({Predecessor:} 13. cxd5 Nxd3 14. Qxd3 cxd5 {½-½ (40) Krush,I (2483)-Sandipan,C (2641) Caleta 2011}) 13... Nxf3+ 14. Nxf3 {[%cal Bd2f3,Bf3d4,Bd4f5][%mdl 32]} Ne4 15. Nd4 Be5 16. cxd5 cxd5 17. Nf5 Qf6 18. Bxe5 Qxe5 19. Nd4 (19. Qh5 $5 {[%cal Rf5h6]} Rae8 20. Bxe4 dxe4 21. Qg5 $14) 19... Rfe8 20. Rc1 Rac8 21. Bd3 Rxc1 22. Rxc1 Rc8 23. Rxc8+ Bxc8 24. Qc2 Bd7 25. b4 g6 26. a3 Nf6 27. h3 Qd6 28. Qc3 Ne8 29. Bc2 Qc7 30. Qd2 Nf6 31. Bb3 a5 32. Ne2 axb4 33. axb4 Bb5 34. Nf4 Bc4 35. Qc3 (35. Qd4 $16) 35... Qc6 36. Bxc4 Ne4 $2 {[%mdl 8192] [#]} (36... b5 $1 $11 {and Black stays safe.}) 37. Nxd5 (37. Qe5 $142 dxc4 38. Nd5) 37... Qxd5 $18 38. Qh8+ ({Much less strong is} 38. Bxd5 $6 Nxc3 39. Bb3 Kf8 $16) 38... Kxh8 39. Bxd5 {[%mdl 4096] Endgame KB-KN} Nd6 40. e4 f6 41. f4 Kg7 42. Kf2 Nb5 43. Ke3 Kf8 44. Bc4 Nc7 45. Kd4 Ke7 46. h4 h6 47. b5 Kd6 $2 {[#]} (47... h5 48. g3 Ke8) 48. e5+ {White is clearly winning.} fxe5+ 49. fxe5+ Ke7 50. Ke4 Kf8 51. g4 Ke7 52. h5 {Accuracy: White = 68%, Black = 40%.} 1-0

[Event "Sparkassen Open 2018"]
[Site "Heusenstamm"]
[Date "2018.11.24"]
[Round "5"]
[White "Hirneise, Jens"]
[Black "Klundt, Klaus"]
[Result "1/2-1/2"]
[WhiteElo "2370"]
[BlackElo "2313"]
[Annotator "TA"]
[PlyCount "81"]
[EventDate "2018.11.22"]
[EventType "swiss"]
[EventCountry "GER"]
[SourceTitle "playchess.com"]
[Source "ChessBase"]
[SourceQuality "1"]

{[%evp 17,81,30,79,19,41,41,104,59,88,100,90,94,111,89,103,49,52,24,33,24,52,42,50,41,63,47,46,45,72,62,122,65,65,13,10,0,111,28,33,10,10,11,14,11,18,14,38,32,37,0,0,0,0,0,0,0,55,51,67,72,314,8,8,12,12,0]} 1. e4 c5 2. Nf3 e6 3. d4 cxd4 4. Nxd4 Nc6 5. Nc3 Qc7 6. Be2 a6 7. a3 Nf6 {B47: Sicilian: Taimanov: 5 Nc3 Qc7 6 f4, 6 g3 and 6 Be2} 8. f4 d6 9. Be3 Bd7 {LiveBook: 5 Games. White has an edge.} (9... Be7 10. g4 d5 11. e5 Nd7 12. Bf3 Nb6 13. Bf2 Nc4 14. b3 Nxa3 15. Nce2 Nxd4 16. Nxd4 {0-1 (68) Vavulin,M (2582)-Grachev,B (2628) Moscow 2016}) 10. g4 (10. Nb3 $16) 10... Nxd4 11. Qxd4 Bc6 (11... e5 $14 12. Qd2 Nxg4) 12. Bf3 e5 13. Qd2 exf4 $146 ({Predecessor:} 13... b5 14. g5 Nd7 15. f5 Nb6 16. Qg2 Nc4 {1-0 (58) Hrabusa,M (2296)-Jurasek,M (2322) Stare Mesto 2010}) 14. Bxf4 Nd7 15. O-O-O Ne5 16. Bxe5 (16. Be2 $16) 16... dxe5 $14 17. Nd5 (17. h4 {with more complications.} Bc5 18. Nd5 Bxd5 19. exd5 O-O-O 20. Be4) 17... Bxd5 $1 18. exd5 {[#] Hoping for d6.} O-O-O 19. Be4 Kb8 20. Rhf1 Qc4 21. Qd3 $36 {[%mdl 2048] White has good play.} Qxd3 22. Rxd3 f6 23. g5 Rd6 ({Black should try} 23... fxg5 $14 24. Rf7 Bd6) 24. Rh3 (24. c4 $16) 24... Be7 25. g6 (25. c4 $14) 25... h6 $11 26. c3 Bd8 (26... b5 $11) 27. Kc2 (27. c4 $16) 27... b5 $1 28. a4 bxa4 29. Rhf3 a3 30. b4 a5 $1 31. Ra1 axb4 32. cxb4 Bb6 33. Raxa3 (33. Rfxa3 $5 {[%cal Ra3a8]} Kc7 34. Kb3 $14) 33... Bd4 34. Kd3 Rc8 35. Rf1 Rc7 36. Rb1 Ra7 (36... h5 $11) 37. Rxa7 $14 Kxa7 38. Rc1 Kb8 $2 {[#]} (38... Kb7 $16) 39. Kc4 $2 (39. Bf5 $1 $18) 39... Rd7 $11 {Threatens to win with ...Rc7+.} 40. Kb3 {Rc6 is the strong threat.} Rc7 41. Rc4 {Precision: White = 36%, Black = 41%.} 1/2-1/2

[Event "Sparkassen Open 2018"]
[Site "Heusenstamm"]
[Date "2018.11.24"]
[Round "5"]
[White "Gschnitzer, Adrian"]
[Black "Sumets, Andrey"]
[Result "0-1"]
[WhiteElo "2365"]
[BlackElo "2580"]
[Annotator "TA"]
[PlyCount "120"]
[EventDate "2018.11.22"]
[EventType "swiss"]
[EventCountry "GER"]
[SourceTitle "playchess.com"]
[Source "ChessBase"]
[SourceQuality "1"]

{[%evp 21,120,31,29,0,0,-12,-14,-41,-52,-39,-12,-20,-8,-29,-29,-29,-29,-29,-29,-33,-29,-29,-36,-33,-33,-34,-33,-34,-33,-80,-80,-80,-80,-80,-102,-117,-123,-166,-119,-122,-131,-139,-139,-194,-144,-438,-440,-431,-437,-387,-203,-192,-182,-193,-179,-215,-204,-189,-185,-169,-152,-155,-138,-142,-104,-126,-123,-155,-161,-146,-97,-221,-211,-241,-191,-316,-327,-302,-316,-299,-305,-693,-661,-741,-737,-749,-743,-621,-602,-5212,-4634,-4634,-630,-4634,-4627,-4627,-4624,-4134,-1237,-1107,-1117]} 1. e4 c6 2. d4 d5 3. e5 Bf5 4. Nf3 e6 5. Be2 Ne7 6. O-O Bg6 7. Nbd2 c5 {B12: Caro-Kann: Advance Variation} 8. c4 cxd4 9. Nxd4 Nec6 10. N2f3 dxc4 11. Bxc4 Be7 {LiveBook: 8 Games} 12. Qa4 $146 ({Predecessor:} 12. Be3 O-O 13. Qe2 Bh5 14. Rfd1 Nxd4 15. Rxd4 {0-1 (40) Volokitin,A (2649)-Riazantsev,A (2671) Doha 2016}) 12... O-O 13. Rd1 Qb6 14. a3 Nxd4 15. Nxd4 Nc6 16. Nxc6 bxc6 17. b4 a5 {[%cal Ra5b4]} 18. Be3 Qc7 {White must now prevent ...axb4.} 19. b5 $1 cxb5 20. Qxb5 {Threatens to win with Rd7.} Rfb8 $36 {[%cal Bf8b8,Bb8b7,Bb7c7,Bc7c3][%mdl 2080] Black fights for an advantage.} 21. Qd7 $1 {[%cal Rd7c7]} Rb7 22. Qxc7 Rxc7 23. Bb5 a4 24. f4 Rc3 25. Kf2 Be4 (25... Rxa3 26. Rxa3 Bxa3 27. Ra1 $11) 26. Rd4 Bd5 27. Rxa4 Rc2+ 28. Kf1 Rb8 ({Don't go for} 28... Rxg2 $2 29. Rxa8+ Bxa8 30. Rc1 $18) 29. Be2 {[#]} Bxg2+ $1 {[%mdl 576] Decoy} 30. Kxg2 {And now Kf2 would win.} Rxe2+ {[%mdl 64] Double Attack} 31. Bf2 h5 32. Kf3 (32. Kf1 $17 Rbb2 33. Bg1) 32... Rc2 $19 33. Bg1 $2 {[%mdl 8192]} (33. Re4 $17) 33... Rb3+ 34. Ke4 f5+ 35. exf6 Re2+ (35... gxf6 $142 {( -> ...f5+)} 36. f5 Rg2 37. Ra8+ Kf7 38. fxe6+ Kxe6 39. Ra6+ Bd6 40. Rxd6+ Kxd6) 36. Kd4 Bxf6+ 37. Kc4 Rf3 ({But not} 37... Bxa1 38. Kxb3 Rb2+ 39. Kc4 $17) 38. Rc1 Rxf4+ 39. Kb5 Rf5+ $1 40. Kc6 Rd5 41. Ra8+ {[#]} Kh7 $1 42. a4 Ra2 43. Bb6 Bd4 44. a5 Bxb6 ({Don't play} 44... Rxh2 $6 45. Re8 $11) 45. Kxb6 Rxh2 $17 {[%mdl 4096] Endgame KRR-KRR} 46. a6 (46. Ra1 $17 {might work better.}) 46... Rb2+ $19 47. Kc6 Ra2 48. Re1 (48. Rh1 $142) 48... Rda5 49. Kb6 h4 {[%cal Bh5h4,Bh4h3,Bh3h2][%mdl 32]} 50. Re4 {[#]} R5a4 $1 {[%cal Ra4e4]} 51. Rxe6 $2 (51. Re3) 51... h3 {Black is clearly winning.} 52. Re3 R4a3 53. Re4 h2 54. Rh4+ Kg6 55. a7 {White hopes to continue with Rah8.} Kg5 56. Rah8 Rxa7 (56... Ra6+ $142 57. Kc7 Rxa7+ 58. Kd6 R7a6+ 59. Kc7 Rh6 60. Rxh2 Rhxh2) 57. Rxh2 Rxh2 58. Rxh2 Ra4 59. Kc5 Kf5 60. Rf2+ Rf4 {Accuracy: White = 38%, Black = 79%.} 0-1

[Event "Sparkassen Open 2018"]
[Site "Heusenstamm"]
[Date "2018.11.24"]
[Round "5"]
[White "Krastev, Alexander"]
[Black "Gritsak, Orest"]
[Result "0-1"]
[WhiteElo "2342"]
[BlackElo "2457"]
[Annotator "TA"]
[PlyCount "94"]
[EventDate "2018.11.22"]
[EventType "swiss"]
[EventCountry "GER"]
[SourceTitle "playchess.com"]
[Source "ChessBase"]
[SourceQuality "1"]

{[%evp 18,94,60,68,88,79,83,71,68,66,95,46,40,8,11,0,19,-57,-51,-41,-19,-10,-10,-44,-28,-53,-28,-41,0,-132,-52,-39,-27,-27,0,0,-14,-33,-29,-30,81,-83,-17,-136,-143,-139,-27,-8,-14,-99,-112,-97,-72,-68,-63,-55,-59,-109,-122,-105,-68,-132,-89,-203,-192,-254,-231,-342,-334,-394,-382,-812,-789,-29984,-29985,-29986,-29987,-29978,-29977]} 1. e4 c5 2. Nf3 e6 3. Nc3 Nc6 4. d4 cxd4 5. Nxd4 a6 6. g3 Nge7 7. Bg2 d6 8. O-O Bd7 9. Nb3 Nc8 10. a4 {LiveBook: 47 Games. B46: Sicilian: Taimanov: 5 Nc3 a6} b6 (10... Be7 11. f4 O-O 12. Qe2 Nb4 13. Be3 Qc7 14. Qf2 Rb8 15. Rfc1 b6 16. Qd2 d5 17. exd5 Nd6 18. Bd4 Rfe8 {0-1 (30) Perelshteyn,E (2526)-Milov,V (2625) Chicago 2006}) 11. Qe2 Be7 12. Bf4 $146 {White is better.} ({Predecessor:} 12. f4 O-O 13. Be3 Qc7 14. Rad1 Bf6 15. g4 Bxc3 16. bxc3 N8e7 17. Qd2 d5 {½-½ (31) Rumiancev,B-Osnos,V Zaporozhye 1975}) 12... O-O 13. Rad1 Qc7 14. Bc1 Bf6 15. Qc4 Ra7 16. f4 N6e7 17. Qe2 (17. Qxc7 $11 Rxc7 18. Nd4) 17... Bxc3 $15 18. bxc3 e5 19. f5 {aiming for f6.} f6 20. g4 Bxa4 {Strongly threatening ...Bb5.} 21. Rf3 Kh8 22. Rh3 g5 23. Rh5 (23. Rf3 $11 {keeps the balance.}) 23... Be8 (23... Qxc3 $17 {...Bb5 is the strong threat.} 24. Rd3 Bb5 25. Rxc3 Bxe2) 24. Rh3 Bf7 25. Nd2 Kg7 26. Nf3 {Black should prevent Bxg5!} h6 27. Qf2 Rh8 $36 {[%mdl 2048] Black has good play.} 28. Rg3 d5 (28... a5 $11) 29. Nd2 $2 (29. h4 $1 $16) 29... Nd6 (29... Qc6 $17 30. Ba3 h5 31. gxh5 Rxh5) 30. Ba3 (30. Rd3 $1 $11) 30... Rd8 $1 $17 31. Rd3 {[%cal Re4d5]} d4 (31... dxe4 $1 $17 32. Bxe4 Nxe4 33. Nxe4 Nd5) 32. cxd4 $11 Qxc2 {[%mdl 64] Double Attack} 33. Nf1 (33. Nb1 $11 Qxf2+ 34. Kxf2) 33... Qxf2+ $17 34. Kxf2 Nc4 35. dxe5 {[%mdl 64] Discovered Attack} Rxd3 36. exf6+ Kxf6 37. Rxd3 Nxa3 38. Rxa3 {[#]} Nc6 $1 39. Rd3 (39. Ne3 $15) 39... Ke7 40. Rh3 (40. Ne3 $17 {was necessary.}) 40... Ne5 $19 41. Ne3 {[#]} (41. Bf3 $142) 41... a5 $1 42. Rxh6 (42. Ke1 $142) 42... a4 43. Rxb6 a3 44. Nd5+ $2 (44. f6+ Kd7 45. Rb1) 44... Bxd5 $1 45. exd5 a2 {Black mates.} 46. d6+ Kd8 ({Weaker is} 46... Kd7 47. Bd5 $17) 47. Bd5 a1=Q {Accuracy: White = 24%, Black = 49%.} 0-1

[Event "Sparkassen Open 2018"]
[Site "Heusenstamm"]
[Date "2018.11.24"]
[Round "5"]
[White "Siddharth, Jagadeesh"]
[Black "Noe, Christopher"]
[Result "0-1"]
[WhiteElo "2215"]
[BlackElo "2529"]
[Annotator "TA"]
[PlyCount "39"]
[EventDate "2018.11.22"]
[EventType "swiss"]
[EventCountry "GER"]
[SourceTitle "playchess.com"]
[Source "ChessBase"]
[SourceQuality "1"]

{[%evp 11,39,0,0,-58,-60,-64,-56,-138,-99,-100,-118,-243,-258,-247,-243,-241,-249,-305,-306,-347,-246,-275,-263,-263,-260,-261,-214,-277,-129,-358]} 1. d4 Nf6 2. c4 e6 3. g3 c5 4. Nf3 cxd4 5. Nxd4 Qc7 6. Nd2 Nc6 {LiveBook: 44 Games. A32: Symmetrical English: 2 Nf3 Nf6 3 d4 cxd4 4 Nxd4 e6} (6... b6 7. Bg2 Bb7 8. Nb5 Qc8 9. e4 a6 10. Nc3 d6 11. O-O Be7 12. b3 O-O 13. Bb2 Nbd7 14. Qe2 {0-1 (73) Marin,M (2539)-Lupulescu,C (2620) Calimanesti Caciulata 2017}) 7. N2f3 (7. Nb5 $11 Qb6 8. Bg2) 7... Nxd4 $15 8. Qxd4 Bc5 {Black is slightly better.} 9. Qf4 $146 ({White should play} 9. Qh4 $15) ({Predecessor:} 9. Qd3 e5 10. Nd2 Qc6 11. f3 O-O 12. e4 d6 13. Nb3 Bb6 14. Be3 {0-1 (23) Monje Peinado,R (2066)-Leenhouts,K (2395) Vlissingen 2006}) 9... Qb6 10. Nd2 O-O 11. e4 {[#]} (11. e3 $17) 11... e5 $1 $19 {[%mdl 512]} 12. Qf3 {[#]} (12. Qxe5 Ng4) 12... d5 $1 {[%cal Rd5e4][%mdl 512]} 13. cxd5 Ng4 {[%cal Rc5f2]} 14. Nc4 Bxf2+ 15. Ke2 Qd4 16. Qd3 Qxd3+ 17. Kxd3 Bd4 18. Kc2 Nf2 {[%mdl 64] Double Attack} 19. Rg1 Nxe4 (19... b5 $19 20. Ne3 Nxe4) 20. Rg2 $2 {Accuracy: White = 21%, Black = 70%.} (20. Be3 $17 {was the only chance.}) 0-1